|
|
|
|
| LEADER |
00000cam a2200000 a 4500 |
| 001 |
vtls008455495 |
| 003 |
SK-MaSNL |
| 005 |
20260425235230.0 |
| 008 |
260107e1934 gw g 000 0 ger |
| 035 |
|
|
|a SAVUKc029049
|
| 035 |
|
|
|a urn:nbn:sk:snk-am3i6s4
|
| 035 |
|
|
|a 8EAB5B2A-5CDE-4D72-9E7B-68C8825AF0EF
|
| 035 |
|
|
|a urn:nbn:sk:snk-am00dm4c
|
| 040 |
|
|
|a SNK
|b slo
|c SNK
|e AACR2
|
| 041 |
0 |
|
|a ger
|
| 044 |
|
|
|a gw
|c DE
|
| 080 |
|
|
|a 101
|2 2011
|
| 080 |
|
|
|a 329.7(=16)
|2 2011
|
| 080 |
|
|
|a 80(=16)+908(4)
|2 2011
|
| 080 |
|
|
|a (048.8)
|2 2011
|
| 245 |
0 |
0 |
|a Hegel bei den Slaven
|c herausgegeben von D. Čyževskyj
|
| 260 |
|
|
|a Reichenberg
|b Gebrüder Stiepel
|c 1934
|
| 300 |
|
|
|a 491 s.
|c 24 cm
|
| 490 |
1 |
|
|a Veröffentlichungen der Slavistischen Arbeitsgemeinschaft an der Deutschen Universität in Prag. I. Reihe, Untersuchungen
|v Heft 9
|
| 600 |
1 |
7 |
|a Hegel, Georg Wilhelm Friedrich,
|d 1770-1831
|2 SNKMA
|9 98026
|
| 650 |
0 |
7 |
|a filozofia
|2 SNKPH
|9 793
|
| 650 |
0 |
7 |
|a slavistika
|2 SNKPH
|9 4282
|
| 655 |
|
7 |
|a monografie
|2 SNKPH
|9 70139
|
| 700 |
1 |
|
|a Čyževs'kyj, Dmytro,
|d 1894-1977
|4 com
|9 165444
|
| 830 |
|
0 |
|a Veröffentlichungen der Slavistischen Arbeitsgemeinschaft an der Deutschen Universität in Prag. p Untersuchungen
|9 533827
|
| 852 |
|
|
|a Slovenská národná knižnica
|
| 954 |
|
|
|a odborná, vedecká literatúra cudzojazyčná (svetová)
|2 lita
|
| 958 |
|
|
|a EUIPO
|
| 958 |
|
|
|a DE
|
| 958 |
|
|
|a SS
|
| 958 |
|
|
|a OND
|
| 999 |
|
|
|c 823749
|d 825679
|
| 952 |
|
|
|a SNK
|b SNK
|y PREZ
|7 0
|p 17A0743701
|o snkSC 2480/1/9
|i snk1520/38
|0 0
|1 0
|4 0
|d 2018-06-12
|f 1
|l 0
|r 2025-06-17 00:00:00
|w 2026-02-24
|